<?xml version="1.0" encoding="UTF-8"?>
<collection xmlns="http://www.loc.gov/MARC21/slim">
 <record>
  <leader>01523aam a22003018a 4500</leader>
  <controlfield tag="001">00028353</controlfield>
  <controlfield tag="005">20171026081023.0</controlfield>
  <controlfield tag="008">120327s2002                  ||||||viesd</controlfield>
  <datafield tag="041" ind1="0" ind2="#">
   <subfield code="a">vie</subfield>
  </datafield>
  <datafield tag="082" ind1="1" ind2="4">
   <subfield code="a">372.7</subfield>
   <subfield code="b">D112H</subfield>
  </datafield>
  <datafield tag="245" ind1="0" ind2="0">
   <subfield code="b">( Tài liệu tham khảo cho giáo viên, cán bộ quản lý giáo dục tiểu học)</subfield>
   <subfield code="a">Dạy học phát huy tính tích cực của học sinh trong môn Toán và Tiếng Việt ở tiểu học</subfield>
  </datafield>
  <datafield tag="260" ind1="#" ind2="#">
   <subfield code="a">Hà Nội</subfield>
   <subfield code="b">Nxb. Hà Nội</subfield>
   <subfield code="c">2002</subfield>
  </datafield>
  <datafield tag="300" ind1="#" ind2="#">
   <subfield code="a">148tr.</subfield>
   <subfield code="c">27cm.</subfield>
   <subfield code="b">minh họa</subfield>
  </datafield>
  <datafield tag="500" ind1="#" ind2="#">
   <subfield code="a">ĐTTS ghi: Bộ Giáo dục và Đào tạo. Vụ Giáo viên. Cứu trợ nhi đồng Úc. Tổ chức cứu trợ trẻ em Thụy Điển</subfield>
  </datafield>
  <datafield tag="650" ind1="#" ind2="4">
   <subfield code="a">Học sinh</subfield>
   <subfield code="x">Phương pháp dạy học</subfield>
  </datafield>
  <datafield tag="653" ind1="#" ind2="#">
   <subfield code="a">Công tác xã hội</subfield>
  </datafield>
  <datafield tag="653" ind1="#" ind2="#">
   <subfield code="a">Phương pháp giảng dạy</subfield>
  </datafield>
  <datafield tag="653" ind1="#" ind2="#">
   <subfield code="a">Toán</subfield>
  </datafield>
  <datafield tag="653" ind1="#" ind2="#">
   <subfield code="a">Tiểu học</subfield>
  </datafield>
  <datafield tag="653" ind1="#" ind2="#">
   <subfield code="a">Tiếng việt</subfield>
  </datafield>
  <datafield tag="710" ind1="2" ind2="#">
   <subfield code="a">Bộ Giáo dục và Đào tạo</subfield>
  </datafield>
  <datafield tag="710" ind1="2" ind2="#">
   <subfield code="a">Tổ chức cứu trợ trẻ em Thụy Điển</subfield>
  </datafield>
  <datafield tag="852" ind1="#" ind2="#">
   <subfield code="j">KD.0012694</subfield>
   <subfield code="j">KM.0013640</subfield>
   <subfield code="j">KM.0013747</subfield>
   <subfield code="j">KM.0013748</subfield>
   <subfield code="j">KM.0013750</subfield>
   <subfield code="j">KM.0013753</subfield>
   <subfield code="j">KM.0013751</subfield>
   <subfield code="j">KM.0013746</subfield>
   <subfield code="j">KM.0013749</subfield>
   <subfield code="j">KM.0013752</subfield>
  </datafield>
  <datafield tag="852" ind1="#" ind2="#">
   <subfield code="b">Kho đọc</subfield>
   <subfield code="j">KD.0012694</subfield>
  </datafield>
  <datafield tag="852" ind1="#" ind2="#">
   <subfield code="b">Kho mượn</subfield>
   <subfield code="j">KM.0013640, KM.0013746, KM.0013747, KM.0013748, KM.0013749, KM.0013750, KM.0013751, KM.0013752, KM.0013753</subfield>
  </datafield>
  <datafield tag="910" ind1=" " ind2=" ">
   <subfield code="d">27/03/2012</subfield>
  </datafield>
  <datafield tag="980" ind1="#" ind2="#">
   <subfield code="a">Trung tâm Học liệu Lê Vũ Hùng, Trường Đại học Đồng Tháp</subfield>
  </datafield>
 </record>
</collection>
